ՀՀ Գիտությունների ազգային ակադեմիայի հիմնարար գիտական գրադարան  =   Fundamental Scientific Library of NAS RA
Normal view MARC view

Entry Personal Name

Number of records used in: 69

001 - CONTROL NUMBER

  • control field: 1491

003 - CONTROL NUMBER IDENTIFIER

  • control field: AM-YEHGA

005 - DATE AND TIME OF LATEST TRANSACTION

  • control field: 20260406103912.0

008 - FIXED-LENGTH DATA ELEMENTS

  • fixed length control field: 050316 a|ac|n|aab||||||||||||a |n|||||||

040 ## - CATALOGING SOURCE

  • Original cataloging agency: AM-YEHGA

100 1# - HEADING--PERSONAL NAME

  • Personal name: Բալայան, Զորի Հայկի,
  • Dates associated with a name: 1935-2026

400 1# - SEE FROM TRACING--PERSONAL NAME

  • Personal name: Բալայան, Զ.Հ.
  • Fuller form of name: (Զորի Հայկի),
  • Dates associated with a name: 1935-2026

400 1# - SEE FROM TRACING--PERSONAL NAME

  • Personal name: Բալայան, Զ.
  • Fuller form of name: (Զորի),
  • Dates associated with a name: 1935-2026

400 1# - SEE FROM TRACING--PERSONAL NAME

  • Personal name: Բալայան, Զորի,
  • Dates associated with a name: 1935-2026

400 1# - SEE FROM TRACING--PERSONAL NAME

  • Personal name: Балаян, Зорий Гайкович,
  • Dates associated with a name: 1935-2026

400 1# - SEE FROM TRACING--PERSONAL NAME

  • Personal name: Балаян, З.Г.
  • Fuller form of name: (Зорий Гайкович),
  • Dates associated with a name: 1935-2026

400 1# - SEE FROM TRACING--PERSONAL NAME

  • Personal name: Балаян, З.
  • Fuller form of name: (Зорий),
  • Dates associated with a name: 1935-2026

400 1# - SEE FROM TRACING--PERSONAL NAME

  • Personal name: Балаян, Зорий,
  • Dates associated with a name: 1935-2026

400 1# - SEE FROM TRACING--PERSONAL NAME

  • Personal name: Балаян, Зори,
  • Dates associated with a name: 1935-2026

400 1# - SEE FROM TRACING--PERSONAL NAME

  • Personal name: Balayan, Zori Hayki,
  • Dates associated with a name: 1935-2026

400 1# - SEE FROM TRACING--PERSONAL NAME

  • Personal name: Balayan, Zori,
  • Dates associated with a name: 1935-2026

400 1# - SEE FROM TRACING--PERSONAL NAME

  • Personal name: Balayan, Z.
  • Fuller form of name: (Zori),
  • Dates associated with a name: 1935-2026

670 ## - SOURCE DATA FOUND

  • Source citation: Հայկական համառոտ հանրագիտարան, 1990 :
  • Information found: հ. 1 (Բալայան, Զորի Հայկի (ծ. 10.2.1935, Ստեփանակերտ ԼՂԻՄ), հայ սովետ. գրող, հրապարագիր: ՍՍՀՄ սպորտի վարպետ (1967): ՀՍՍՀ պետ. մրց. (1988), ՍՍՀՄ ժող. դեպ. (1989-ից)

670 ## - SOURCE DATA FOUND

  • Source citation: Կյանք մահից հետ, 1999 :
  • Information found: տիտղթ. (Զորի Բալայան)

670 ## - SOURCE DATA FOUND

  • Source citation: Հայկազունք :
  • Information found: տիտղթ. (խմբ.՝ Զ.Բալայան)

670 ## - SOURCE DATA FOUND

  • Source citation: Нужен мужской разговор, 1974 :
  • Information found: т.л. (Зорий Гайкович Балаян)

670 ## - SOURCE DATA FOUND

  • Source citation: Открытое письмо новобрачным, 1982 :
  • Information found: т.л. (Зорий Балаян)

670 ## - SOURCE DATA FOUND

  • Source citation: Жизнь после смерти, 1999 :
  • Information found: т.л. (Зори Балаян)

670 ## - SOURCE DATA FOUND

  • Source citation: Between hell and heaven :The struggle for Karabakh, 1997 :
  • Information found: t.p. (Z. Balayan)


ՀՀ ԳԱԱ հիմնարար գիտական գրադարան
ՀՀ,Երևան 0019
Մարշալ Բաղրամյան 24/6
հեռախոս:(374-10) 52-47-50
Հետադարձ կապ

All site content, except where otherwise noted, is licensed under a
Creative Commons License